| 000 | 00423nam a2200157Ia 4500 | ||
|---|---|---|---|
| 008 | 221030s9999 xx 000 0 und d | ||
| 020 | _a8121917794 | ||
| 041 | _aEnglish | ||
| 082 |
_a105.23 _bSar |
||
| 100 | _aS. K. Sarkar | ||
| 245 | 0 |
_aOperational Amplifiers & Their Applications ( DEPARTMENTAL ) _cby S. K. Sarkar |
|
| 260 |
_bS.Chand & Co. _aNew Delhi _c1999 |
||
| 300 | _a352 | ||
| 650 | _aECE Departmental | ||
| 942 | _cBK | ||
| 999 |
_c73 _d73 |
||